| 000 | 01161cam a22003497a 4500 | ||
|---|---|---|---|
| 003 | CHAP | ||
| 005 | 20220817042659.0 | ||
| 008 | 971013s1974 r 00010 d | ||
| 010 | _a52106 | ||
| 011 | _a53078 | ||
| 035 | _a57228 | ||
| 040 | _cCHAP | ||
| 082 |
_a338.9 _bW56 1974 |
||
| 100 | 0 | 0 |
_aWionczek, Miguel S. _9122320 |
| 245 | 1 | 3 |
_aLa sociedad mexicana _b: presente y futuro |
| 250 | _a2 ed. | ||
| 260 |
_aMéxico, D.F. : _bFondo de Cultura Económica, _c1974 |
||
| 300 | _a458 p. | ||
| 490 | 0 |
_aLecturas _v; 8 |
|
| 590 |
_aBATCH-UPD _b10 _c20130110 _lUCH01 _h1132 |
||
| 590 |
_aBATCH-UPD _b10 _c20130410 _lUCH01 _h0720 |
||
| 590 |
_aBATCH-UPD _b10 _c20130914 _lUCH01 _h1823 |
||
| 590 |
_aCONVERSION _b10 _c20130109 _lUCH01 _h1328 |
||
| 650 | 1 | 4 |
_aAgricultura _xAspectos economicos _zMexico. _91312 |
| 650 | 1 | 4 |
_aMéxico _xCondiciones económicas. |
| 650 | 1 | 4 |
_aMéxico _xCondiciones sociales. _976730 |
| 830 | 0 |
_aLecturas _v; 8 _965503 |
|
| 901 | _aBK | ||
| 942 | _cLIBRO | ||
| 949 |
_a338.9 W56 1974 _bBC _cLIBRO _d33724000109633 _eLIBRO _h40723 _i57228 _mD _si |
||
| 949 |
_a338.9 W56 1974 _bBC _cLIBRO _d33724000846606 _eLIBRO _fc.2 _gDonaciØn _h101265 _i57228 _sb |
||
| 999 |
_c52106 _d52106 |
||